Matrimonios felices": cambios y continuidades en las percepciones y en las actitudes hacia la violencia doméstica en el Valle Central de Costa Rica /
Sábháilte in:
| Príomhchruthaitheoir: | |
|---|---|
| Formáid: | Téacs |
| Ábhair: | |
| Clibeanna: |
Cuir clib leis
Níl clibeanna ann, Bí ar an gcéad duine le clib a chur leis an taifead seo!
|
MARC
| LEADER | 00000 a a2200000 04500 | ||
|---|---|---|---|
| 001 | 4168 | ||
| 003 | |||
| 040 | |||
| 090 | |a REV0229 (105) 1998 | ||
| 100 | |a Rodríguez Sáenz, Eugenia | ||
| 245 | |a Matrimonios felices": |b cambios y continuidades en las percepciones y en las actitudes hacia la violencia doméstica en el Valle Central de Costa Rica / |c Eugenia Rodríguez Sáenz | ||
| 650 | |a MATRIMONIO | ||
| 650 | |a FAMILIA | ||
| 650 | |a PERSONAS CASADAS | ||
| 650 | |a VIOLENCIA | ||
| 650 | |a PROBLEMAS SOCIALES | ||
| 773 | |g número 105; páginas 9-30 | ||
| 999 | |c 31694 |d 31694 | ||
